Top 45 największych państw na świecie - Statystyki

Ogólne statystyki
  • Ten quiz został rozwiązany 50 razy
    9 od ostatniego zresetowania
  • Średni wynik to 38 z 45
Statystyki odpowiedzi
Numer Wielkość Kraj % Poprawnych
30 1 002 450 km² Arabska Republika Egiptu
100%
3 9 572 900 km² Chińska Republika Ludowa
100%
1 17 144 242 km² Federacja Rosyjska
100%
5 8 515 767 km² Federacyjna Republika Brazylii
100%
2 9 984 670 km² Kanada
100%
14 1 964 375 km² Meksykańskie Stany Zjednoczone
100%
8. 2 780 400 km² Republika Argentyńska
100%
7 3 166 414 km² Republika Indii
100%
15 1 904 569 km² Republika Indonezji
100%
9 2 724 900 km² Republika Kazachstanu
100%
20 1 285 216 km² Republika Peru
100%
25 1 221 037 km² Republika Południowej Afryki
100%
37 783 562 km² Republika Turcji
100%
4 9 526 468 km² Stany Zjednoczone Ameryki
100%
6 7 692 024 km² Związek Australijski
100%
10 2 381 741 km² Algierska Republika Ludowo-Demokratyczna
88%
32 923 768 km² Federalna Republika Nigerii
88%
18 1 648 195 km² Islamska Republika Iranu
88%
34 881 912 km² Islamska Republika Pakistanu
88%
13 2 149 690 km² Królestwo Arabii Saudyjskiej
88%
19 1 564 110 km² Mongolia
88%
17 1 759 540 km² Państwo Libia
88%
38 756 102 km² Republika Chile
88%
21 1 284 000 km² Republika Czadu
88%
42 640 679 km² Republika Francuska
88%
26 1 141 748 km² Republika Kolumbii
88%
22 1 267 000 km² Republika Nigru
88%
28 1 098 581 km² Wielonarodowe Państwo Boliwia
88%
33 916 445 km² Boliwariańska Republika Wenezueli
75%
11 2 345 409 km² Demokratyczna Republika Konga
75%
27 1 104 300 km² Federalna Demokratyczna Republika Etiopii
75%
24 1 240 192 km² Republika Mali
75%
35 825 615 km² Republika Namibii
75%
16 1 886 068 km² Republika Sudanu
75%
31 945 087 km² Zjednoczona Republika Tanzanii
75%
29 1 030 700 km² Islamska Republika Mauretańska
63%
41 652 230 km² Islamski Emirat Afganistanu
63%
23 1 246 000 km² Republika Angoli
63%
36 801 590 km² Republika Mozambiku
63%
44 622 984 km² Republika Środkowoafrykańska
63%
45 619 745 km² Republika Sudanu Południowego
63%
39 752 612 km² Republika Zambii
63%
40 676 578 km² Republika Związku Mjanmy
63%
12 2 166 086 km² Grenlandia
50%
43 637 657 km² Federalna Republika Somalii
38%
Nie znaleziono quizów pasujących do podanych kryteriów
Rozkład punktacji
Procent ludzi z każdym wynikiem
Percentyl według liczby udzielonych odpowiedzi
Twoja historia wyników
Nie rozwiązałeś tego quizu od ostatniego zresetowania